000 00331 a2200145 4500
001 181468
020 _a
040 _cMagnum
100 _aMiotto, Antonio
240 1 0 _aComo responder aos seus filhos
_lpor
245 1 0 _aComo responder aos seus filhos
362 0 _a1899
697 _aMAGNITO: EDUCACAO FAMILIAR
942 _cBK
999 _c181468
_d181468